Catálogo
 En Linea

The Holy Bible : (Registro nro. 34402)

Detalles MARC
000 -CABECERA
campo de control de longitud fija 00575nam a2200145 a 4500
001 - NÚMERO DE CONTROL
campo de control 000034911
005 - FECHA Y HORA DE LA ÚLTIMA TRANSACCIÓN
campo de control 20200930074000.0
008 - DATOS DE LONGITUD FIJA--INFORMACIÓN GENERAL
campo de control de longitud fija 111021s19uu xxu 000 0 spa d
040 ## - FUENTE DE LA CATALOGACIÓN
Centro catalogador/agencia de origen DO-SdBNP
Lengua de catalogación spa
Centro/agencia transcriptor BNPHU
245 00 - MENCIÓN DE TÍTULO
Título The Holy Bible :
Resto del título containing the Old and New Testaments /
Mención de responsabilidad, etc. tr. out of the original tongues, and with the former translations diligently compared and revised by his majesty's special command.
260 ## - PUBLICACIÓN, DISTRIBUCIÓN, ETC.
Lugar de publicación, distribución, etc. Michigan,
Fecha de publicación, distribución, etc. Zondervan Publishing Hause.
300 ## - DESCRIPCIÓN FÍSICA
Extensión 1137, 126, p. :
Otras características físicas il. ;
Dimensiones 20 cm.
500 ## - NOTA GENERAL
Nota general Textos a dos columnas
500 ## - NOTA GENERAL
Nota general Incluye índice
Existencias
Estado de retiro Estado de pérdida Restricciones de uso No para préstamo Código de colección Localización permanente Ubicación/localización actual Ubicación en estantería Fecha de adquisición Número de inventario Total de préstamos Signatura topográfica completa Código de barras Fecha visto por última vez Precio válido a partir de Tipo de ítem Koha
      Excluido de préstamo Monografías: Libros y Folletos General General En catalogación 21.10.2011 LF1   34911-10 25.06.2020 25.06.2020 No se presta

Con tecnología Koha